Statistics for Scottish Football (Soccer) Top 10 Goalscorers Every Season Since 2010/11

Click here to take the quiz!

General Stats

  • This quiz has been taken 33 times
  • The average score is 21 of 80

Answer Stats

SeasonGoalsAnswer% Correct
2013/1422Kris Boyd
87%
2010/1121Kenny Miller
63%
2012/1322Leigh Griffiths
63%
2016/1712Leigh Griffiths
63%
2015/1631Leigh Griffiths
63%
2014/1514Leigh Griffiths
63%
2016/1711Kenny Miller
63%
2016/1712Adam Rooney
60%
2010/1115Adam Rooney
60%
2015/1620Adam Rooney
60%
2016/1717Moussa Dembele
60%
2014/1518Adam Rooney
60%
2016/1721Scott Sinclair
53%
2010/1120Gary Hooper
50%
2011/1224Gary Hooper
50%
2012/1319Gary Hooper
50%
2013/1426Kris Commons
47%
2012/1311Kris Commons
47%
2014/159Kris Commons
47%
2013/1413Niall McGinn
37%
2013/1420Stevie May
37%
2012/1320Niall McGinn
37%
2010/1114Michael Higdon
33%
2016/1715Stuart Armstrong
33%
2011/1214Michael Higdon
33%
2012/1326Michael Higdon
33%
2015/1615Liam Boyce
30%
2016/1723Liam Boyce
30%
2014/1512John Sutton
30%
2011/1212Anthony Stokes
30%
2014/1510Liam Boyce
30%
2013/1422John Sutton
30%
2013/1420Anthony Stokes
30%
2010/1115Anthony Stokes
30%
2010/1116Nikica Jelavic
27%
2011/1214Nikica Jelavic
27%
2014/159Gary Mackay-Steven
23%
2010/1117David Goodwillie
23%
2012/1313Steven Thompson
17%
2013/1413Steven Thompson
17%
2015/1622Kane Hemmings
17%
2011/1211Steven Thompson
17%
2011/1219Jon Daly
17%
2014/1513Greg Stewart
17%
2014/159Kris Doolan
13%
2014/159Michael O'Halloran
13%
2015/1614Kris Doolan
13%
2016/1714Kris Doolan
13%
2013/1411Kris Doolan
13%
2011/1212Rudi Skacel
13%
2014/1514Nadir Ciftci
13%
2010/1113Rudi Skacel
13%
2011/1211Garry O'Connor
13%
2012/1313Johnny Russell
13%
2013/1411Nadir Ciftci
13%
2015/1615Louis Moult
10%
2015/1614Steven MacLean
10%
2012/1322Billy McKay
10%
2016/1715Louis Moult
10%
2013/1418Billy McKay
10%
2015/1612Billy McKay
10%
2014/159Stefan Johansen
10%
2016/1712Jamie Walker
10%
2014/1510Billy McKay
10%
2010/1115Conor Sammon
10%
2011/1212Sone Aluko
7%
2011/1214Fran Sandaza
7%
2013/1411Lionel Ainsworth
7%
2013/1411Callum Paterson
7%
2015/1611Miles Storey
3%
2014/1511Ali Crawford
3%
2011/1213Dean Shiels
3%
2014/1512Tony Andreu
3%
2015/1612Juanma Delgado
0%
2011/1211Paul Heffernan
0%
2012/1312Andrew Shinnie
0%
2012/1311Eoin Doyle
0%
2014/159Brian Graham
0%
2014/159Tope Obadeyi
0%
2010/1112Nick Blackman
0%

Score Distribution

Percentile by Number Answered

Percent of People with Each Score

Your Score History

You have not taken this quiz